Statistics for Manchester United Greatest XI Of All Time

Click here to take the quiz!

General Stats

  • This quiz has been taken 528 times
  • The average score is 9 of 11

Answer Stats

PositionPlayer% Correct
CBRio Ferdinand
93%
RMCristiano Ronaldo
92%
LMRyan Giggs
91%
CBNemanja Vidić
89%
CMPaul Scholes
89%
GKPeter Schmeichel
85%
RBGary Neville
84%
CFBobby Charlton
76%
CAMGeorge Best
66%
LBDenis Irwin
55%
CFDenis Law
47%

Score Distribution

Percentile by Number Answered

Percent of People with Each Score

Your Score History

You have not taken this quiz